MARC

LEADER 00000nam0a2200000 4500
001 363114
005 20231102011546.0
035 |a (RuTPU)RU\TPU\retro\20461 
090 |a 363114 
100 |a 20210920d1980 m y0rusy50 ca 
101 0 |a rus 
102 |a RU 
105 |a a j 001zy 
200 1 |a Сборка летательных аппаратов  |e учебное пособие для среднего профессионально-технического образования  |f В. А. Турьян 
210 |a Москва  |c Машиностроение  |d 1980 
215 |a 174 с.  |c ил. 
320 |a Библиогр.: с. 172 
606 1 |a Летательные аппараты  |x Сборка  |x Технологическое проектирование  |x Автоматизация  |2 stltpush  |3 (RuTPU)RU\TPU\subj\40096  |9 59968 
610 1 |a учебные пособия 
610 1 |a охрана труда 
610 1 |a пожарная профилактика 
610 1 |a производство 
610 1 |a клепаные конструкции 
610 1 |a сборочно-сварочные работы 
610 1 |a резьбовые соединения 
610 1 |a механосборочные работы 
610 1 |a качество 
610 1 |a надежность 
675 |a 629.73.002(075.3)  |v 4 
700 1 |a Турьян  |b В. А.  |g Виктор Александрович 
801 1 |a RU  |b 63413507  |c 20210920 
801 2 |a RU  |b 63413507  |c 20210920  |g RCR 
942 |c BK